| 000 | 00413nam a2200181Ia 4500 | ||
|---|---|---|---|
| 001 | 4285 | ||
| 005 | 20260306145744.0 | ||
| 008 | 260306t1985||||xx |||||||||||||| ||spa|| | ||
| 041 | _aESP | ||
| 082 |
_a320.11 _bR86 |
||
| 100 |
_aRousseau, Jean Jacques, 1712-1778 _eAUT |
||
| 245 | 0 | _aEl contrato social | |
| 260 | _c1985 | ||
| 300 |
_a _c19 cm. |
||
| 650 | _aGEN | ||
| 654 | _aCDE | ||
| 942 |
_cLIB _dJUS _fJUS _2ddc _n |
||
| 999 |
_c4285 _d4285 |
||